Analýza efektívnosti vzdelávania zamestnancov v NEXIS FIBERS, a.s. bakalárska práca

Salvato in:
Dettagli Bibliografici
Autore principale: Hribová, Zuzana
Ente Autore: Podnikovohospodárska fakulta EU so sídlom v Košiciach. Katedra manažmentu
Altri autori: Kohutová, Zuzana
Natura: Libro
Lingua:slovacco
Pubblicazione: Košice 2009
Tags: Aggiungi Tag
Nessun Tag, puoi essere il primo ad aggiungerne!!

MARC

LEADER 00000nam$a2200000$$$4500
001 0106754
005 20240318131013.3
041 0 |a slo 
044 |a SK 
245 1 0 |a Analýza efektívnosti vzdelávania zamestnancov v NEXIS FIBERS, a.s.  |b bakalárska práca  |c Zuzana Hribová ; škol. Zuzana Kohutová 
264 1 |a Košice  |c 2009 
300 |a 50 s. 
100 1 |a Hribová, Zuzana 
700 1 |a Kohutová, Zuzana 
710 2 |a Podnikovohospodárska fakulta EU so sídlom v Košiciach. Katedra manažmentu